00947nam a22002537a 45000010005000000030006000050050017000110080041000280200018000690400029000870820010001161000019001262450035001452600048001803000055002284900024002835050008003075200259003155210020005745210020005946500024006146500022006387000033006609780FISKH20260224084340.0260224b cb ||||| |||| 00| 0 eng d a9781740898201 aFISKHbengcFISKHdFISKH a597.3 aRyan , Denise  aScary sharks /cBy Denise Ryan aSydney :bWeldon Owen Publishing , c2008 . a32​ pages :bcolor illustrations ; c23​ cm .  aTopReadersvStage 2 aK  aA series of beautifully designed, fact-filled books, richly illustrated with a wealth of accurate, full-colour illustrations, intriguing diagrams, cross sections and cutaways. The text has been carefully leveled to support children's reading development.8 a510 bLexile 8 aK bRaz-Plus  aFultonvNon-fiction aKidsvNon-fiction aBull , JohneCover Designer